00321nam a2200121Ia 4500008004100000041000800041082001200049100002600061245003000087260004400117300003100161365000700192240624s9999 xx 000 0 und d aeng a368 TRI aTRIPATHY NALINI PRAVA aINSURANCE THEORY PRACTICE c2005aNew DelhibPrentice-Hall of India axvi, : 236 : p. : cm. ; 25 cRS